000 00693nam a22001937a 4500
005 20210325173231.0
008 s2527 th tha d
041 _atha
050 _aCT1548 ส4
100 0 _aสมบัติ พลายน้อย
245 1 0 _aชีวิตและงานนายตำรา ณ เมืองใต้ (เปลื้อง ณ นคร)
260 3 _aกรุงเทพฯ :
_bบำรุงสาส์น,
_c2527
300 _a122 หน้า :
_b ภาพประกอบ
650 0 4 _aเปลื้อง ณ นคร, 2452--
850 _aNALT
942 _cGB
_01
997 _c000000000000851
998 _aNarumon Suwan
999 _c851
_d851